| 000 | 00449cem a22001695a 4500 | ||
|---|---|---|---|
| 001 | L157648 | ||
| 008 | 130220s1871 xxk f 000 0 eng d | ||
| 035 | _a(Sirsi) u157648 | ||
| 041 | 0 | _aeng | |
| 245 | 0 | 0 | _aPlan of the town and borough of Wolverhampton |
| 260 |
_a[England] _c1871 |
||
| 300 |
_a1 v. _c68 cm. |
||
| 583 |
_aCondition reviewed _c20120620 _lcondition level 3 |
||
| 651 | 4 |
_aEngland _y886- |
|
| 690 |
_aGeomatics _96242 |
||
| 942 | _n0 | ||
| 999 |
_c114895 _d114895 |
||